| 000 | 01563cam a2200385 a 4500 | ||
|---|---|---|---|
| 001 | 16563765 | ||
| 005 | 20170105102852.0 | ||
| 008 | 101203s2011 enka b 001 0 eng | ||
| 010 | _a 2010048563 | ||
| 020 | _a9780415498098 (hardcover) | ||
| 020 | _a0415498090 (hardcover) | ||
| 020 | _a9780415627382 (pbk.) | ||
| 020 | _a9780203815793 (ebook) | ||
| 035 | _a(OCoLC)ocn689858517 | ||
| 040 |
_aDLC _cDLC _dYDX _dYDXCP _dDLC |
||
| 042 | _apcc | ||
| 050 | 0 | 0 |
_aHV6431 _b.A68 2011 |
| 082 | 0 | 0 |
_a363.325 _222 |
| 100 | 1 |
_aAradau, Claudia, _d1976- |
|
| 245 | 1 | 0 |
_aPolitics of catastrophe : _bgenealogies of the unknown / _cClaudia Aradau and Rens van Munster. |
| 260 |
_aLondon ; _aNew York : _bRoutledge, _c2011. |
||
| 300 |
_aviii, 167 p. : _bill. ; _c24 cm. |
||
| 490 | 1 | _aPRIO new security studies | |
| 504 | _aIncludes bibliographical references (p. [139]-160) and index. | ||
| 505 | 0 | _aIntroduction -- Securing catastrophic futures -- Conjectures of catastrophe : "the next terrorist attack" -- Economies of catastrophe -- Imagining catastrophes -- Aesthetics of catastrophe -- Catastrophe, exception, event -- Conclusion. | |
| 650 | 0 |
_aTerrorism _xPolitical aspects. |
|
| 650 | 0 |
_aTerrorism _xGovernment policy. |
|
| 650 | 0 | _aCrisis management. | |
| 650 | 0 | _aSecurity, International. | |
| 700 | 1 |
_aMunster, Rens van, _d1977- |
|
| 830 | 0 | _aPRIO new security studies. | |
| 906 |
_a7 _bcbc _corignew _d1 _eecip _f20 _gy-gencatlg |
||
| 942 |
_2ddc _cBK |
||
| 999 |
_c14305 _d14305 |
||